| Tag |
First Indicator |
Second Indicator |
Subfields |
| LEADER |
00000cam a2200000 a 4500 |
| 001 |
in00000027878 |
| 005 |
20151007054640.0 |
| 008 |
871231s1988 nyubf 00011 eng |
| 010 |
|
|
|a 87036714
|
| 020 |
|
|
|a 031201788X :
|c $19.95
|
| 035 |
|
|
|a (OCoLC)17440735
|
| 035 |
|
|
|9 AAB5821AM
|
| 040 |
|
|
|a DLC
|c DLC
|d TXA
|d UtOrBLW
|
| 049 |
|
|
|a TXAM
|c [A11504145]
|
| 050 |
0 |
0 |
|a PS3566.O978
|b M4 1988
|
| 082 |
0 |
|
|a 813/.54
|2 19
|
| 100 |
1 |
|
|a Poyer, David.
|
| 245 |
1 |
4 |
|a The med /
|c David Poyer.
|
| 250 |
|
|
|a 1st ed.
|
| 264 |
|
1 |
|a New York :
|b St. Martin's Press,
|c [1988]
|
| 264 |
|
4 |
|c ©1988
|
| 300 |
|
|
|a 519 pages, 1 unnumbered page of plates :
|b map ;
|c 24 cm.
|
| 336 |
|
|
|a text
|b txt
|2 rdacontent
|
| 337 |
|
|
|a unmediated
|b n
|2 rdamedia
|
| 338 |
|
|
|a volume
|b nc
|2 rdacarrier
|
| 999 |
|
|
|a MARS
|
| 999 |
f |
f |
|s f963cbcc-fcec-37fc-8324-d968860da4dc
|i b8695b13-48be-3404-b4fa-c945f2b4f065
|t 0
|
| 952 |
f |
f |
|p ric
|a Texas A&M University
|b Rellis Campus
|c Joint Library Facility
|d Remote Storage
|t 0
|e PS3566.O978 M4 1988
|h Library of Congress classification
|i unmediated -- volume
|m A14811504145
|
| 998 |
f |
f |
|a PS3566.O978 M4 1988
|t 0
|l Remote Storage
|